Normal view MARC view

Entry Personal Name

Number of records used in: 1

001 - CONTROL NUMBER

  • control field: 23656

003 - CONTROL NUMBER IDENTIFIER

  • control field:

005 - DATE AND TIME OF LATEST TRANSACTION

  • control field: 20230830144432.0

008 - FIXED-LENGTH DATA ELEMENTS

  • fixed length control field: 230830|| aca||aabn | a|a d

040 ## - CATALOGING SOURCE

  • Original cataloging agency:
  • Transcribing agency:

100 ## - HEADING--PERSONAL NAME

  • Personal name: MUDD, S. C

670 ## - SOURCE DATA FOUND

  • Source citation: Work cat.: ()11765: MUDD, S. C. aut, Technology for motor mechanics :, 1972

National Library of Nigeria OPAC is powered by Koha